00413nam a2200169Ia 4500003000400000005001700004008004100021020001500062050002200077100001800099245004900117260003500166300002100201440000600222521000700228526000800235OSt20140318093711.0140130s9999 xx 000 0 und d a0590453432 aPZ 7b.St783 1977 aStamper, J.B. aTales for the midnight hour /cStamper, J.B. bScholastic,a1977.cNew York : a124 p. :c17 cm. v1 aG4 c650